000 00584nam a2200241Ia 4500
003 OSt
005 20221005115520.0
006 a|||||r|||| 00| 0
007 ta
008 221004b |||||||| |||| 00| 0 mal d
024 _a59153
037 _cTextual
040 _aCRL
_cCRL
_bmal
041 _2mal
_amal
082 _aY:351.222, 32K4
100 _aPremNath
_9627659
245 0 _aChengannoo kunhathi
260 _c1964
300 _a122p.
_ccm.
650 _aSOCIOLOGY
942 _hY:351.222, 32K4
_cTEXL
_2cc
999 _c1035065
_d1035065